header

Time matters (Record no. 99997)

MARC details
000 -LEADER
fixed length control field 01236nam a2200337Ia 4500
082 04 - DEWEY DECIMAL CLASSIFICATION NUMBER
Classification number 551.7/01
100 1# - MAIN ENTRY--AUTHOR NAME
Personal name Leddra, Michael.
245 10 - TITLE STATEMENT
Title Time matters
260 ## - PUBLICATION, DISTRIBUTION, ETC. (IMPRINT)
Place of publication Hoboken, NJ :
Name of publisher Wiley,
Year of publication 2010.
300 ## - PHYSICAL DESCRIPTION
Number of Pages xviii, 269 p.
650 #0 - SUBJECT ADDED ENTRY--TOPICAL TERM
Topical Term Geological time.
Topical Term Sequence stratigraphy.
Topical Term Historical geology.
856 40 - ELECTRONIC LOCATION AND ACCESS
Uniform Resource Identifier http://site.ebrary.com/lib/rucke/Doc?id=10383578

No items available.

© 2026 Rongo University
Contact us: librarian | system librarian | Rongo university